Flaggen Asiens (alphabetische Reihenfolge) - Statistiken

Allgemein
  • Dieses Quiz wurde 19 mal gespielt
  • Das Durchschnittsergebnis liegt bei 45 aus 48
Antwortstatistiken
Bildquiz Antwort % Korrekt
Afghanistan
100%
Bangladesch
100%
China
100%
Indien
100%
Irak
100%
Iran
100%
Israel
100%
Japan
100%
Jemen
100%
Jordanien
100%
Kambodscha
100%
Kasachstan
100%
Kirgisistan
100%
Kuwait
100%
Laos
100%
Saudi-Arabien
100%
Südkorea
100%
Taiwan
100%
Thailand
100%
Türkei
100%
Usbekistan
100%
Vietnam
100%
Zypern
100%
Armenien
94%
Aserbaidschan
94%
Bahrain
94%
Bhutan
94%
Georgien
94%
Indonesien
94%
Katar
94%
Libanon
94%
Malaysia
94%
Myanmar
94%
Nepal
94%
Nordkorea
94%
Brunei
88%
Mongolei
88%
Oman
88%
Pakistan
88%
Singapur
88%
Sri Lanka
88%
Tadschikistan
88%
Turkmenistan
88%
Philippinen
82%
Syrien
82%
Vereinigte Arabische Emirate
82%
Malediven
76%
Osttimor
71%
Keine übereinstimmenden Quizze gefunden
Verteilung der Resultate
Anzahl Personen mit jedem Resultat
Perzentil nach korrekt beantworteten Fragen
Ihre Resultats-Entwicklung
Sie haben dieses Quiz noch nicht gespielt